Reading literature an introduction
में बचाया:
| मुख्य लेखक: | |
|---|---|
| स्वरूप: | पुस्तक |
| भाषा: | अंग्रेज़ी |
| प्रकाशित: |
Kraft Books
2017
|
| टैग: |
टैग जोड़ें
कोई टैग नहीं, इस रिकॉर्ड को टैग करने वाले पहले व्यक्ति बनें!
|
MARC
| LEADER | 00000nam a22000007a 4500 | ||
|---|---|---|---|
| 008 | 211215b ||||| |||| 00| 0 eng d | ||
| 020 | |a 978-978-918-410-1 | ||
| 100 | |a ORIPELOYE, Henri | ||
| 245 | |a Reading literature |b an introduction |c Henri Oripeloye. |g 100p | ||
| 260 | |b Kraft Books |c 2017 |h Ibadan |i 691918 |i 691916 - Arts |l PN6014 .Or4 |m Literature - Collections. |m College readers |m Title. | ||
| 500 | |a “It includes references and index”. | ||
| 942 | |a lcc |c BK |e Ifatola J. O. |f 15/ 12/ 2021 | ||
| 952 | |0 0 |1 0 |2 lcc |4 0 |7 0 |9 3957 |a HOL |b ART |c LP |d 2021-12-15 |o PN6014 .Or4 |p 2021-67680 |r 2021-12-15 00:00:00 |t 691918, 691916 - Arts |w 2021-12-15 |y BK | ||
| 999 | |c 1984 |d 1984 | ||